00569cam a22002291 4500001001300000003000400013005001700017008004100034010001700075035002000092040001800112042001200130043001200142050001700154100003000171245003900201260001100240300002200251500001800273650003100291999001700322sa 68002573 DLC20260227112444.0890515s1964 ce 000 0 sino  asa 68002573  a(OCoLC)19711720 aDLCcWaUdDLC apremarc aa-ce---00aHE269.8b.V51 aVīrasūriya, Ānanda.10aMahajana gamanā gamana sēvaya. c[1964] axx, 81 p.c19 cm. aIn Sinhalese. 0aTransportationzSri Lanka. c78834d78834